中国旅客运输量最多的航段 The busiest flight segments in China - Statistics

General Stats
  • This quiz has been taken 39 times
  • The average score is 15 of 20
Answer Stats
旅客运输量(万人) 航段 % Correct
216 上海-深圳
100%
185 北京-上海
100%
192 广州-上海
97%
158 成都-北京
97%
115 重庆-北京
97%
134 广州-北京
94%
181 成都-上海
91%
135 重庆-上海
91%
109 杭州-北京
85%
196 广州-成都
82%
125 广州-重庆
76%
190 成都-深圳
73%
152 重庆-深圳
70%
171 杭州-深圳
67%
142 成都-杭州
67%
204 广州-杭州
61%
110 重庆-杭州
61%
117 成都-昆明
36%
101 昆明-深圳
27%
101 杭州-昆明
15%
No matching quizzes found
Score Distribution
Percent of People with Each Score
Percentile by Number Answered
Your Score History
You have not taken this quiz